¿Estamos formando a nuestro alumnado universitario para una educación intercultural? (Record no. 116397)

MARC details
000 -CABECERA
campo de control de longitud fija 00630nab a2200205 a 4500
005 - FECHA Y HORA DE LA ÚLTIMA TRANSACCIÓN
campo de control 20210219155403.0
008 - ELEMENTOS DE LONGITUD FIJA--INFORMACIÓN GENERAL
campo de control de longitud fija 991125s1985 mx 000 0 spa u
035 ## - NÚMERO DE CONTROL DEL SISTEMA
Número de control de sistema UPN01000144250
100 1# - ASIENTO PRINCIPAL--NOMBRE PERSONAL
Nombre de persona García Rodríguez, María Pilar
222 ## - TÍTULO CLAVE
Título clave INVESTIGACION EN LA ESCUELA
245 ## - MENCIÓN DE TÍTULO
Título ¿Estamos formando a nuestro alumnado universitario para una educación intercultural?
260 ## - PUBLICACIÓN, DISTRIBUCIÓN, ETC.
Lugar de publicación, distribución, etc. Sevilla, España
300 ## - DESCRIPCIÓN FÍSICA
Extensión 69-84
362 0# - FECHAS DE PUBLICACIÓN Y/O DESIGNACIÓN SECUENCIAL
Fecha de publicación y/o designación secuencial 2005 No. 57
653 0# - TERMINO DE INDIZACION - NO CONTROLADO
Término no controlado EDUCACION INTERCULTURAL
653 0# - TERMINO DE INDIZACION - NO CONTROLADO
Término no controlado FORMACION DOCENTE
653 0# - TERMINO DE INDIZACION - NO CONTROLADO
Término no controlado ALUMNOS EXTRANJEROS
700 0# - ASIENTO SECUNDARIO--NOMBRE DE PERSONAL
Nombre de persona Moya Maya, Asunción,
Término indicativo de función/relación coaut.
905 ## - TIPO DE MATERIAL
Tipo de material Articulo

No items available.